| 000 | 00356nam a22001457a 4500 | ||
|---|---|---|---|
| 005 | 20170401144829.0 | ||
| 008 | 170401b xxu||||| |||| 00| 0 eng d | ||
| 020 | _a81-86772-10-3 | ||
| 041 | _aeng | ||
| 100 |
_aGUPTA , M L ,PANDEY,J.K _93775 |
||
| 245 | _aMINE VENTILATION,SAFETY AND ENVIRONMENT | ||
| 300 | _a648 | ||
| 650 |
_aMINNING _93619 |
||
| 942 | _cBK | ||
| 999 |
_c5384 _d5382 |
||